| 000 | 00380nam a2200145Ia 4500 | ||
|---|---|---|---|
| 008 | 231129s2004||||xx |||||||||||||| ||spa|| | ||
| 020 | _a958-8061-05-9 | ||
| 040 | _bspa | ||
| 082 | _a(i) 808.068543 B532a | ||
| 100 | _aBerocay Roy | ||
| 245 | 0 | _aLas aventuras del sapo Ruperto | |
| 260 | _c2004 | ||
| 264 | _aAlfaguara | ||
| 942 |
_2ddc _cBKS |
||
| 999 |
_c18604 _d18604 |
||